Empresas transnacionales y exportación bananera en Ecuador (1948-1972): un ensayo interpretativo
Պահպանված է:
| Հիմնական հեղինակ: | |
|---|---|
| Ձևաչափ: | Տեքստ |
| Հրապարակվել է: |
Quito:
FLACSO
|
| Ցուցիչներ: |
Ավելացրեք ցուցիչ
Չկան պիտակներ, Եղեք առաջինը, ով նշում է այս գրառումը!
|
MARC
| LEADER | 00000 a a2200000 04500 | ||
|---|---|---|---|
| 001 | 14540 | ||
| 003 | |||
| 040 | |a CRAI/IIS |c CRAI/IIS | ||
| 100 | |a Larrea Maldonado, Carlos | ||
| 245 | |a Empresas transnacionales y exportación bananera en Ecuador (1948-1972): un ensayo interpretativo | ||
| 260 | |a Quito: |b FLACSO | ||
| 300 | |a 126 p. | ||
| 999 | |c 6807 |d 6807 | ||
